Guía de atención a las personas con discapacidad en el acceso a la justicia / (Registro nro. 3916)

Detalles MARC
000 -LEADER
fixed length control field 01279nam a2200241Ia 4500
003 - CONTROL NUMBER IDENTIFIER
control field OSt
005 - DATE AND TIME OF LATEST TRANSACTION
control field 20200903232937.0
008 - FIXED-LENGTH DATA ELEMENTS--GENERAL INFORMATION
fixed length control field 191128s2015 ck a gr 000 0 spa d
040 ## - CATALOGING SOURCE
Original cataloging agency CO-JMCR
Transcribing agency CO-JMCR
041 0# - LANGUAGE CODE
Language code of text/sound track or separate title spa
082 04 - DEWEY DECIMAL CLASSIFICATION NUMBER
Classification number 362.4 /
Item number R763g
Edition number 23
100 1# - MAIN ENTRY--PERSONAL NAME
Personal name Romero Acevedo, Tatiana,
Relator term autora
9 (RLIN) 9803
245 10 - TITLE STATEMENT
Title Guía de atención a las personas con discapacidad en el acceso a la justicia /
Statement of responsibility, etc. Tatiana Romero Acevedo, Carolina Mendivelso, Aura Carmela Cabrera Miranda [y otros 18]
260 ## - PUBLICATION, DISTRIBUTION, ETC.
Place of publication, distribution, etc. Bogotá :
Name of publisher, distributor, etc. Ministerio de Justicia y del Derecho : Ministerio de Salud y Protección Social,
Date of publication, distribution, etc. [2015]
300 ## - PHYSICAL DESCRIPTION
Extent 62 páginas :
Other physical details ilustraciones a color ;
Dimensions 22 cm.
504 ## - BIBLIOGRAPHY, ETC. NOTE
Bibliography, etc. note Bibliografía: páginas 61-62
505 0# - FORMATTED CONTENTS NOTE
Formatted contents note La administración de justicia en Colombia -- Modelos históricos de discapacidad -- Enfoques adoptados en la política pública de discapacidad e inclusión social en Colombia -- Categorías de discapacidad -- Uso de términos adecuados -- Marco normativo de la
650 14 - SUBJECT ADDED ENTRY--TOPICAL TERM
Topical term or geographic name entry element Personas con discapacidad
General subdivision condiciones sociales
Geographic subdivision Colombia
9 (RLIN) 9804
650 14 - SUBJECT ADDED ENTRY--TOPICAL TERM
Topical term or geographic name entry element Atención a personas con discapacidad
Geographic subdivision Colombia
9 (RLIN) 9805
700 1# - ADDED ENTRY--PERSONAL NAME
Personal name Mendivelso, Carolina,
Relator term autora
9 (RLIN) 9806
700 1# - ADDED ENTRY--PERSONAL NAME
Personal name Cabrera Miranda, Aura Carmela,
Relator term autora
9 (RLIN) 9807
942 ## - ADDED ENTRY ELEMENTS (KOHA)
Source of classification or shelving scheme Dewey Decimal Classification
Koha item type Books
Existencias
Withdrawn status Lost status Source of classification or shelving scheme Damaged status Not for loan Collection code Home library Current library Date acquired Source of acquisition Full call number Barcode Date last seen Copy number Koha item type
    Dewey Decimal Classification     Non-fiction Biblioteca Pública José María del Castillo y Rada Biblioteca Pública José María del Castillo y Rada 12/12/2017 Donación 362.4 / R763g 201808592 05/16/2024 Ej.1 Books